10 Longest Words - Statistics

General Stats
  • This quiz has been taken 40 times
  • The average score is 6 of 15
Answer Stats
Hint Answer % Correct
A lung disease caused by inhaling very-fine silica dust. Pneumonoultramicroscopicsilicovolcanoconiosis
52%
A korean compound. Aekyungjanggokgoeulbeoljipjangtteokbatbongnalgaranggakjibeollimun
48%
A chemical that was taken in a spa bath. Aequeosalinocalcalinoceraceoaluminosocupreovitriolic
48%
A lake in Webster, Massachusetts Chargoggagoggmanchauggagoggchaubunagungamaugg
48%
A fear of long words, ironically. Hippopotomonstrosesquippedaliophobia
48%
Extraordinarily good or wonderful. Supercalifragilisticexpialidocious
48%
The longest word made by Joyce. Bababadalgharaghtakamminarronnkonnbronntonnerronntuonnthunntrovarrhounawnskawntoohoohoordenenthurnuk
45%
The longest place name in Europe. Llanfairpwllgwyngyllgogerychwyrndrobwllllantysiliogogogoch
45%
The longest place name in the world. Taumatawhakatangihangakoauauotamateaturipukakapikimaungahoronukupokaiwhenuakitanatahu
41%
A german word that is a delegation law. Rindfleischetikettierungsuberwachungsaufgabenubertragungsgesetz
34%
A chemical composition for "titin". Methionylthreonylthreonylglutaminylarginyltyrosylglutamylserylleucylphenylalanylalanylglutaminylleucyllysylglutaminylglycylvalylprolylcysteinylisoleucylthreonylisoleucylhistidylasparaginylaspartyllysylglutamylisoleucine
31%
Pertaining to electroencephalography. Electroencephalographically
28%
To live in a prison or a hospital. Transinstitutionalization
21%
A disease caused by the inflammation of the meninges and the brain tissue itself. Meningoencephalitis
17%
Starts with Tweede and ending with kondiging Tweedehandsemotorverkoopsmannevakbondstakingvergaderingsameroeperstoeespraakskrywerspersverklaringuitreikingsmediakonferensieaankondiging
7%
No matching quizzes found
Score Distribution
Percent of People with Each Score
Percentile by Number Answered
Your Score History
You have not taken this quiz